Africa negra (Record no. 110670)

MARC details
000 -LEADER
campo de control de longitud fija 00820nam a2200241 i 4500
001 - NÚMERO DE CONTROL
campo de control 110670
003 - IDENTIFICADOR DE NÚMERO DE CONTROL
campo de control ES-MaACL
007 - CAMPO FIJO DE DESCRIPCIÓN FÍSICA--INFORMACIÓN GENERAL
campo de control de longitud fija t|
008 - DATOS DE LONGITUD FIJA--INFORMACIÓN GENERAL
campo de control de longitud fija 070117s1961 sp ||||1| spa d
080 ## - NÚMERO DE LA CLASIFICACIÓN DECIMAL UNIVERSAL
Número de la Clasificación Decimal Universal 916
245 00 - MENCIÓN DEL TÍTULO
Título Africa negra
Resto del título : Etiopía, Madagascar /
Mención de responsabilidad, etc. Doré Ogrizek ; prólogo de Maurice Bedel ; textos de Raphael Barquissau...[et al.] ; ilustraciones de Beuville...[et al.].
260 ## - PUBLICACIÓN, DISTRIBUCIÓN, ETC.
Lugar de publicación, distribución, etc. Madrid :
Nombre del editor, distribuidor, etc. Castilla,
Fecha de publicación, distribución, etc. 1961.
300 ## - DESCRIPCIÓN FÍSICA
Extensión 461 p. :
Otras características físicas il. col., fot. ;
Dimensiones 18 cm.
490 1# - MENCIÓN DE SERIE
Mención de serie El mundo en color ;
Designación de volumen o secuencia 23
651 #4 - PUNTO DE ACCESO ADICIONAL DE MATERIA--NOMBRE GEOGRÁFICO
Nombre geográfico África-
Subdivisión general Descripción
9 (RLIN) 7593
700 1# - ENTRADA AGREGADA--NOMBRE PERSONAL
Nombre de persona Ogrizek, Doré.
9 (RLIN) 86581
700 1# - ENTRADA AGREGADA--NOMBRE PERSONAL
Nombre de persona Bedel, Maurice.
9 (RLIN) 26991
700 1# - ENTRADA AGREGADA--NOMBRE PERSONAL
Nombre de persona Barquissau, Raphael.
9 (RLIN) 25801
700 1# - ENTRADA AGREGADA--NOMBRE PERSONAL
Nombre de persona Beuville.
9 (RLIN) 185630
830 0# - PUNTO DE ACCESO ADICIONAL DE SERIE-TÍTULO UNIFORME
Título uniforme El mundo en color ;
Designación de volumen o secuencia 23
9 (RLIN) 185631
852 ## - LOCALIZACIÓN
Ubicación ES-MaACL
Número de control de estantería E-3773
Holdings
Estatus retirado Estado de pérdida Estado de daño No para préstamo Biblioteca de origen Biblioteca actual Ubicación en estantería Fecha de adquisición Fuente de adquisición Total de préstamos Signatura topográfica completa Código de barras Visto por última vez Precio de reemplazo Tipo de ítem Koha
        Biblioteca del Ateneo de Madrid Biblioteca del Ateneo de Madrid Depósito 2 17/01/2008     E-3773 1115464 23/02/2023 23/02/2023 Libro impreso